Normal view
MARC view
- اعداد ايمان محمود العسولي، اسماء محمود العلاونة، اشراف محمد بني يونس
Entry Personal Name
001 - CONTROL NUMBER
- control field: 58297
003 - CONTROL NUMBER IDENTIFIER
- control field: JO-AjAnu
005 - DATE AND TIME OF LATEST TRANSACTION
- control field: 20230606083536.0
008 - FIXED-LENGTH DATA ELEMENTS
- fixed length control field: 230606|| aca||aabn | a|a d
040 ## - CATALOGING SOURCE
- Original cataloging agency: JO-AjAnu
- Transcribing agency: JO-AjAnu
100 ## - HEADING--PERSONAL NAME
- Personal name: اعداد ايمان محمود العسولي، اسماء محمود العلاونة، اشراف محمد بني يونس
670 ## - SOURCE DATA FOUND
- Source citation: Work cat.: (JO-AjAnu)29740: اعداد ايمان محمود العسولي، اسماء محمود العلاونة، اشراف محمد بني يونس, author, استرجاع المعلومات ( تجهيز النص)